000 00985nam a2200193Ia 4500
003 Ost
005 20260507075633.0
008 260507s9999||||xx |||||||||||||| ||und||
040 _cfsecg
041 _aara
082 _a658.8
100 _aالصحن، محمد فريد
_eمؤلف
245 0 _aالتسويق /
_c محمد فريد الصحن
260 _aالاسكندرية:
_bالدار الجامعية,
_c2003
300 _a395 صفحة؛
_c24 سم
520 _aتجد في هذا الكتاب : ماهية التسويق ، المفهوم التسويقي ، نظام المعلومات التسويقية وبحوث التسويق ومدخل ونماذج دراسة السلوك الإستهلاكي ، دراسة سلوك المشتري الصناعي ، قطاعية السوق و الأسواق المستهدفة ، أسواق الوسطاء ، السلعة ، التسعير ، الترويج ، التوزيع
653 _aالتسويق
942 _cكتاب
999 _c45251
_d45251